[Event "Pontevedra op-B 6th"]
[Site "Pontevedra"]
[Date "2018.08.14"]
[Round "9"]
[White "Redondo Varela, Celestino"]
[Black "Alonso Pacheco, Luis Joaquin"]
[Result "0-1"]
[WhiteElo "1626"]
[BlackElo "1386"]
[PlyCount "80"]
[EventDate "2018.08.08"]
[EventType "swiss"]
[EventRounds "9"]
[EventCountry "ESP"]
[SourceTitle "CBM 186 Extra"]
[Source "ChessBase"]
[SourceDate "2018.08.24"]
[SourceVersion "1"]
[SourceVersionDate "2018.08.24"]
[SourceQuality "1"]

1. e4 Nf6 2. Nc3 Nc6 3. Nf3 e5 4. Bb5 Bc5 5. 0-0 0-0 6. d3 h6 7. Bxc6 dxc6 8. Nxe5 Re8 9. Nf3 Bg4 10. h3 Bh5 11. Be3 Bd6 12. Re1 Re7 13. g4 Nxg4 14. hxg4 Bxg4 15. d4 Re6 16. e5 Rg6 17. Kh2 Qf6 18. Ne4 Qxf3 19. Qxf3 Bxf3 20. exd6 Bxe4 21. dxc7 Rc8 22. Bf4 Bxc2 23. Re7 Bf5 24. Rae1 Be6 25. Bd6 Rg5 26. f4 Rd5 27. Ba3 Kh7 28. Kg3 Kg6 29. f5+ Rxf5 30. Bd6 Rd5 31. Be5 Kh7 32. Kf4 Kg8 33. Rg1 Kf8 34. Rxe6 fxe6 35. Rxg7 Rxe5 36. Rh7 Rf5+ 37. Ke4 Ke8 38. Rh8+ Kd7 39. Rxh6 Rxc7 40. Rh7+ Kd6 0-1

[Event "Pontevedra op-B 6th"]
[Site "Pontevedra"]
[Date "2018.08.11"]
[Round "5"]
[White "Redondo Varela, Celestino"]
[Black "Rodriguez Sigler, Alexandre"]
[Result "0-1"]
[WhiteElo "1626"]
[BlackElo "1745"]
[PlyCount "168"]
[EventDate "2018.08.08"]
[EventType "swiss"]
[EventRounds "9"]
[EventCountry "ESP"]
[SourceTitle "CBM 186 Extra"]
[Source "ChessBase"]
[SourceDate "2018.08.24"]
[SourceVersion "1"]
[SourceVersionDate "2018.08.24"]
[SourceQuality "1"]

1. e4 e5 2. Nf3 Nc6 3. Bb5 a6 4. Ba4 b5 5. Bb3 Na5 6. 0-0 d6 7. d4 Nxb3 8. axb3 exd4 9. Nxd4 Bb7 10. Re1 Be7 11. Nc3 Nf6 12. Nf5 0-0 13. Nxe7+ Qxe7 14. Nd5 Nxd5 15. exd5 Qf6 16. c4 Rfe8 17. Kf1 bxc4 18. bxc4 Qh4 19. h3 Qxc4+ 20. Kg1 Qxd5 21. Rxe8+ Rxe8 22. Qxd5 Bxd5 23. Be3 Bb7 24. Kf1 f5 25. Ra4 Re4 26. Ra3 Kf7 27. Rb3 Bc6 28. f3 Rc4 29. Kf2 a5 30. Kg3 a4 31. Rb8 h6 32. h4 Bd7 33. Bf4 Rc6 34. Rb7 Ke7 35. Be3 Rc4 36. Bf4 Bc8 37. Rb8 Kd7 38. b3 axb3 39. Rxb3 Ra4 40. Rd3 Ra8 41. Be3 Bb7 42. Bd4 Ke6 43. Kh3 Kf7 44. Be3 Rc8 45. Rd2 Ke6 46. Bd4 g5 47. hxg5 hxg5 48. Kg3 c5 49. Bc3 Re8 50. Re2+ Kd7 51. Rb2 Kc6 52. Ba5 Re7 53. Bd8 Rg7 54. Rb6+ Kd5 55. Rb2 g4 56. f4 c4 57. Bf6 Rc7 58. Bc3 Bc8 59. Kf2 Rb7 60. Rxb7 Bxb7 61. Ke3 Kc5 62. g3 Be4 63. Bb2 Kb4 64. Kd4 Kb3 65. Ba1 d5 66. Bc3 Kc2 67. Bb4 Kd1 68. Ke3 Bd3 69. Bc3 Bf1 70. Bd4 Kc2 71. Ba1 c3 72. Kd4 Kd2 73. Bxc3+ Ke2 74. Kxd5 Kf2 75. Ke5 Bd3 76. Kf6 Kxg3 77. Kg5 Kh3 78. Bd4 g3 79. Be3 g2 80. Bd4 Kh2 81. Kh4 g1Q 82. Bxg1+ Kxg1 83. Kg3 Bc4 84. Kh4 Kf2 0-1

[Event "Ferrol op 31th"]
[Site "Ferrol"]
[Date "2016.07.20"]
[Round "3"]
[White "Pousada Garcia, Sergio"]
[Black "Redondo Varela, Celestino"]
[Result "1-0"]
[WhiteElo "1274"]
[BlackElo "1718"]
[PlyCount "88"]
[EventDate "2016.07.18"]
[EventType "swiss"]
[EventRounds "9"]
[EventCountry "ESP"]
[SourceTitle "EXT 2024"]
[Source "ChessBase"]
[SourceDate "2023.10.10"]
[SourceVersion "1"]
[SourceVersionDate "2023.10.10"]
[SourceQuality "1"]

1. d4 d5 2. Bf4 Nf6 3. e3 e6 4. Bd3 Bd6 5. Bxd6 cxd6 6. Nf3 0-0 7. 0-0 Re8 8. c4 e5 9. dxe5 dxe5 10. Be2 e4 11. Nd4 dxc4 12. Bxc4 a6 13. Nc3 b5 14. Bb3 Bb7 15. Nf5 Nc6 16. Bxf7+ Kxf7 17. Nd6+ Kf8 18. Nxb7 Qc7 19. Qd6+ Qxd6 20. Nxd6 Re6 21. Rfd1 g6 22. Rd2 Rd8 23. Rad1 Ke7 24. Nb7 Rxd2 25. Rxd2 b4 26. Nd5+ Nxd5 27. Rxd5 Ne5 28. Nc5 Rc6 29. Rxe5+ Kd6 30. Re6+ Kxc5 31. Rxc6+ Kxc6 32. f3 Kd5 33. b3 g5 34. Kf2 Ke5 35. Kg3 Kf5 36. h4 h6 37. hxg5 hxg5 38. fxe4+ Kxe4 39. Kg4 Kxe3 40. Kxg5 Ke4 41. g4 Ke5 42. Kg6 Ke6 43. Kg7 Ke7 44. g5 Ke8 1-0

[Event "Arteixo Concello U2200 op 15th"]
[Site "Arteixo"]
[Date "2014.07.27"]
[Round "6.10"]
[White "Redondo Varela, Celestino"]
[Black "Gonzalez Eiris, Daniel"]
[Result "0-1"]
[WhiteElo "1717"]
[BlackElo "1491"]
[PlyCount "116"]
[EventDate "2014.07.25"]
[EventType "swiss"]
[EventRounds "6"]
[EventCountry "ESP"]
[SourceTitle "EXT 2024"]
[Source "ChessBase"]
[SourceDate "2023.10.10"]
[SourceVersion "1"]
[SourceVersionDate "2023.10.10"]
[SourceQuality "1"]

1. e4 e6 2. d4 d5 3. Nd2 dxe4 4. Nxe4 Bd7 5. Nf3 Bc6 6. Bd3 Nd7 7. c3 Ngf6 8. Nxf6+ Nxf6 9. 0-0 Bd6 10. Re1 Bxf3 11. Qxf3 c6 12. Bg5 Be7 13. Bf4 Nd5 14. Bg3 Bd6 15. Be5 Bxe5 16. dxe5 Qb6 17. Re2 Qc7 18. Qg4 0-0-0 19. Bc2 g6 20. a4 Qb6 21. Be4 Qb3 22. Rd2 Nb6 23. Ra3 Qc4 24. Rxd8+ Rxd8 25. h3 Rd2 26. b4 Qe2 27. Qxe2 Rxe2 28. Bf3 Re1+ 29. Kh2 Nc4 30. Ra2 Rxe5 31. b5 Na5 32. bxc6 Nxc6 33. Bxc6 bxc6 34. Rb2 Rc5 35. Rb3 Rc4 36. a5 Ra4 37. a6 Rxa6 38. Kg3 Ra4 39. f4 Rc4 40. Kf3 a5 41. Ke3 f5 42. g3 Re4+ 43. Kd3 a4 44. Ra3 Re1 45. Rxa4 Rg1 46. g4 fxg4 47. hxg4 Rxg4 48. c4 Rxf4 49. Ra8+ Kb7 50. Re8 h5 51. Rxe6 g5 52. c5 h4 53. Rh6 Ra4 54. Rh5 Rg4 55. Rh7+ Ka6 56. Rh8 Kb5 57. Ra8 h3 58. Rh8 Rh4 0-1

[Event "Benidorm op U2000 06th"]
[Site "Benidorm"]
[Date "2007.??.??"]
[Round "9"]
[White "Redondo Varela, Celestino"]
[Black "Buscaglia, Claudio"]
[Result "0-1"]
[WhiteElo "1900"]
[BlackElo "1990"]
[PlyCount "63"]
[EventDate "2007.11.??"]
[EventType "swiss"]
[EventRounds "9"]
[EventCountry "ESP"]
[SourceTitle "EXT 2010"]
[Source "ChessBase"]
[SourceDate "2010.11.25"]
[SourceVersion "1"]
[SourceVersionDate "2010.11.25"]
[SourceQuality "1"]

1. e4 e5 2. Nf3 Nc6 3. Bb5 a6 4. Ba4 b5 5. Bb3 Nf6 6. d3 h6 7. c3 Be7 8. 0-0 d6 9. Re1 Na5 10. Bc2 c5 11. h3 0-0 12. d4 Nc6 13. d5 Nb8 14. Nbd2 Nh7 15. Nf1 f5 16. exf5 Bxf5 17. Ng3 Bxc2 18. Qxc2 Nd7 19. Nf5 Nb6 20. Rd1 Ra7 21. g4 Kh8 22. Kg2 Bf6 23. h4 Raf7 24. Be3 Be7 25. h5 Qa8 26. Nxe7 Rxe7 27. Nh4 Nxd5 28. Ng6+ Kg8 29. Nxe7+ Nxe7+ 30. Kg3 Qf3+ 31. Kh4 Nd5 32. Rh1 0-1